| 000 | 00869nam a2200205 a 4500 | ||
|---|---|---|---|
| 001 | 000029661 | ||
| 005 | 20200930055718.0 | ||
| 008 | 110419s1984 dr 000 0 spa d | ||
| 020 | _a3880852375 | ||
| 040 |
_aDO-SdBNP _bspa _cBNPHU |
||
| 041 | 1 | 7 |
_aspa _heng _2Código de idioma MARC |
| 082 |
_axxxx _bE56i |
||
| 245 | 0 | 3 | _aUn enfoque integrado para solucionar los problemas habitacionales de las capas de bajos ingresos de la población = An integrated approach to the housing problems of low-income groups. |
| 246 | 0 | 0 | _aAn integrated approach to the housing problems of low-income groups |
| 260 |
_aSanto Domingo : _bDeutsche Gesellschaft fü Technische Zusammenarbeit : _bInstituto Nacional de la Vivienda (INVI), _c1984. |
||
| 300 |
_a35 p. ; _c23 cm. |
||
| 490 | 1 |
_aSchriftenreihe der GTZ _v160 |
|
| 830 | 0 |
_aSchriftenreihe der GTZ _v160 _956463 |
|
| 049 | _aBNPD | ||
| 999 |
_c29153 _d29153 |
||